[Event "Pula op"]
[Site "Pula"]
[Date "2009.06.30"]
[Round "5"]
[White "Ochtman, Henk"]
[Black "Barle, Janez"]
[Result "0-1"]
[WhiteElo "2171"]
[BlackElo "2411"]
[PlyCount "134"]
[EventDate "2009.06.27"]
[EventType "swiss"]
[EventRounds "9"]
[EventCountry "CRO"]
[SourceTitle "CBM 131 Extra"]
[Source "ChessBase"]
[SourceDate "2009.09.03"]
[SourceVersion "2"]
[SourceVersionDate "2009.09.16"]
[SourceQuality "1"]

1. d4 Nc6 2. Nf3 d5 3. Bf4 Bg4 4. h3 Bxf3 5. exf3 e6 6. c3 Bd6 7. Qd2 Nge7 8. Bd3 0-0 9. 0-0 e5 10. dxe5 Nxe5 11. Na3 c6 12. Rfd1 f6 13. b4 a5 14. Nc2 axb4 15. cxb4 N7g6 16. Bxg6 hxg6 17. Qc3 Ra4 18. Be3 Nc4 19. Qb3 Qa8 20. Bd4 Na3 21. Nxa3 Rxa3 22. Qb1 Ra4 23. a3 Kf7 24. Qb3 Re8 25. Bb2 Be5 26. Re1 Bxb2 27. Rxe8 Qxe8 28. Qxb2 Qe5 29. Qc1 Qd4 30. g3 Qd3 31. Qe3 Qxe3 32. fxe3 g5 33. Kf2 Ke6 34. Ke2 b6 35. Kd3 c5 36. bxc5 bxc5 37. Kc3 Kd6 38. Kb3 Ra8 39. a4 c4+ 40. Kc3 Kc5 41. a5 Re8 42. Kd2 Re7 43. a6 Ra7 44. Ra5+ Kb4 45. Rxd5 Rxa6 46. Rd7 Ra2+ 47. Kd1 Rg2 48. g4 Rf2 49. Rxg7 Rxf3 50. Rf7 Rxh3 51. Rxf6 Rg3 52. e4 Rxg4 53. e5 Re4 54. Re6 g4 55. Re8 Kc3 56. e6 Rd4+ 57. Kc1 Rd6 58. Re7 Ra6 59. Kd1 g3 60. Rg7 Rxe6 61. Rxg3+ Kb2 62. Rg2+ Kb3 63. Rg7 Ra6 64. Rb7+ Kc3 65. Kc1 Ra1+ 66. Rb1 Rxb1+ 67. Kxb1 Kd2 0-1

[Event "Budapest Spring op 24th"]
[Site "Budapest"]
[Date "2008.03.28"]
[Round "8"]
[White "Mizsei, Janos"]
[Black "Ochtman, Henk"]
[Result "0-1"]
[WhiteElo "2067"]
[BlackElo "2211"]
[PlyCount "106"]
[EventDate "2008.03.21"]
[EventType "swiss"]
[EventRounds "9"]
[EventCountry "HUN"]
[SourceTitle "CBM 123 Extra"]
[Source "ChessBase"]
[SourceDate "2008.05.06"]
[SourceVersion "1"]
[SourceVersionDate "2008.05.06"]
[SourceQuality "1"]

1. d4 f5 2. c4 Nf6 3. Nc3 e6 4. g3 Be7 5. Bg2 0-0 6. Nh3 d6 7. 0-0 c6 8. Qb3 Na6 9. Rd1 Qc7 10. Bf4 Nh5 11. Bg5 Bxg5 12. Nxg5 Qe7 13. f4 h6 14. Nf3 Nf6 15. Qa3 Bd7 16. Ne5 Kh7 17. h3 Nc7 18. Kh2 Nce8 19. Rac1 g5 20. fxg5 hxg5 21. e4 f4 22. gxf4 gxf4 23. Ne2 Nh5 24. Nxd7 Qxd7 25. e5 Rg8 26. Be4+ Kh8 27. Rg1 dxe5 28. Rxg8+ Kxg8 29. Qf3 Nhg7 30. Rg1 exd4 31. Nxf4 Nf6 32. Nh5 Nfxh5 33. Qxh5 Qf7 34. Qh7+ Kf8 35. Qh8+ Qg8 36. Rf1+ Ke7 37. Qh4+ Kd7 38. Bg6 Rf8 39. Qxd4+ Kc7 40. Rd1 Nf5 41. Bxf5 Rxf5 42. Rg1 Qf8 43. Rg7+ Kb8 44. Rg2 a6 45. a3 Rf3 46. Qe5+ Ka7 47. Qd4+ c5 48. Qe5 Rf5 49. Qxe6 Qb8+ 50. Kg1 Qf4 51. Qe2 Qc1+ 52. Kh2 Rf1 53. h4 Qf4+ 0-1

[Event "Olomouc op"]
[Site "Olomouc"]
[Date "2006.08.05"]
[Round "3"]
[White "Ochtman, Henk"]
[Black "Isonzo, Davide"]
[Result "0-1"]
[WhiteElo "2161"]
[BlackElo "2361"]
[PlyCount "98"]
[EventDate "2006.08.03"]
[EventType "swiss"]
[EventRounds "9"]
[EventCountry "CZE"]
[SourceTitle "CBM 113 Extra"]
[Source "ChessBase"]
[SourceDate "2006.09.14"]
[SourceVersion "1"]
[SourceVersionDate "2006.09.14"]
[SourceQuality "1"]

1. Nf3 Nf6 2. d4 g6 3. Bg5 Bg7 4. Qc1 c5 5. Bh6 Bxh6 6. Qxh6 cxd4 7. Qd2 Nc6 8. Nxd4 Qb6 9. Nb3 a5 10. Na3 Ne4 11. Qe3 Qxe3 12. fxe3 d6 13. g3 Be6 14. Bg2 Nf6 15. Nb5 Rc8 16. N3d4 Nxd4 17. Nxd4 Bd5 18. Bxd5 Nxd5 19. Kf2 Nf6 20. Kf3 h5 21. a4 Nd7 22. Ra3 h4 23. Rf1 hxg3 24. Kxg3 Rc5 25. h4 Re5 26. Rf4 Nf6 27. Rxf6 exf6 28. Rb3 0-0 29. Rxb7 Rxe3+ 30. Kf2 Re4 31. c3 Rxh4 32. Ra7 Rb8 33. b3 Rh5 34. Ra6 Rc5 35. Nb5 Rcxb5 36. axb5 Rxb5 37. Ke3 Rxb3 38. Kd3 Rb1 39. Kc2 Re1 40. Kd2 Ra1 41. Rxd6 f5 42. c4 Kf8 43. Rd7 Ke8 44. Ra7 a4 45. Kc3 a3 46. c5 a2 47. Kd2 f4 48. c6 Kd8 49. Kc3 Rc1+ 0-1

[Event "Politiken Cup 27th"]
[Site "Copenhagen"]
[Date "2005.07.22"]
[Round "8"]
[White "Ochtman, Henk"]
[Black "Nilsson, Lars Kjoller"]
[Result "1-0"]
[WhiteElo "2166"]
[BlackElo "2031"]
[PlyCount "63"]
[EventDate "2005.07.16"]
[EventType "swiss"]
[EventRounds "10"]
[EventCountry "DEN"]
[SourceTitle "CBM 107 Extra"]
[Source "ChessBase"]
[SourceDate "2005.09.01"]
[SourceVersion "1"]
[SourceVersionDate "2005.09.01"]
[SourceQuality "1"]

1. f4 Nf6 2. Nf3 g6 3. d3 Bg7 4. e3 0-0 5. Be2 d6 6. 0-0 c5 7. Nc3 Nc6 8. Qe1 a6 9. a4 Qc7 10. Qh4 Nb4 11. Bd1 e6 12. e4 c4 13. d4 h5 14. h3 Nd7 15. f5 e5 16. d5 Rb8 17. fxg6 fxg6 18. Qg5 Rf6 19. Nh4 Kh7 20. Rxf6 Nxf6 21. Qxg6+ Kg8 22. Be3 Bd7 23. a5 b5 24. axb6 Rxb6 25. Qg5 Rb8 26. Rc1 Be8 27. Nf5 Kh7 28. g4 Bg6 29. gxh5 Bxf5 30. Qxf5+ Kg8 31. h6 Bh8 32. Qg6+ 1-0

[Event "Politiken Cup 27th"]
[Site "Copenhagen"]
[Date "2005.07.21"]
[Round "7"]
[White "Ferreiro Calvo, Manuel"]
[Black "Ochtman, Henk"]
[Result "1-0"]
[WhiteElo "2064"]
[BlackElo "2166"]
[PlyCount "111"]
[EventDate "2005.07.16"]
[EventType "swiss"]
[EventRounds "10"]
[EventCountry "DEN"]
[SourceTitle "CBM 107 Extra"]
[Source "ChessBase"]
[SourceDate "2005.09.01"]
[SourceVersion "1"]
[SourceVersionDate "2005.09.01"]
[SourceQuality "1"]

1. d4 f5 2. g3 Nf6 3. Bg2 e6 4. Nf3 Be7 5. 0-0 0-0 6. c4 d6 7. Nc3 Ne4 8. Qc2 Nxc3 9. Qxc3 Nd7 10. b3 Nf6 11. Bb2 Bd7 12. Nd2 d5 13. f3 f4 14. gxf4 Nh5 15. e3 Rf6 16. Rf2 c6 17. Bf1 Bd6 18. Bd3 Be8 19. Rg2 Rh6 20. Rg4 Qf6 21. Kh1 Bg6 22. Bxg6 hxg6 23. Rag1 Kf7 24. Qc2 Rah8 25. Nf1 Bb8 26. Bc1 Qf5 27. e4 dxe4 28. fxe4 Qf6 29. e5 Qf5 30. R1g2 Rd8 31. Be3 Qxc2 32. Rxc2 Rhh8 33. Kg2 g5 34. Rxg5 g6 35. Kf3 Ng7 36. Ke4 Nf5 37. Bf2 a6 38. Rg2 Rd7 39. Nd2 Ne7 40. Nf3 Nf5 41. Rg1 Bc7 42. Rd2 Bd8 43. d5 cxd5+ 44. cxd5 Rxd5 45. Rxd5 exd5+ 46. Kxd5 Be7 47. Bb6 Rc8 48. e6+ Kg7 49. Ne5 Nh4 50. Bf2 Rd8+ 51. Ke4 Kh7 52. Bxh4 Bxh4 53. Nxg6 Bf6 54. Rg2 Rd4+ 55. Ke3 Rd1 56. e7 1-0

[Event "Politiken Cup 27th"]
[Site "Copenhagen"]
[Date "2005.07.17"]
[Round "2"]
[White "Ochtman, Henk"]
[Black "Sakaev, Konstantin"]
[Result "0-1"]
[WhiteElo "2166"]
[BlackElo "2669"]
[PlyCount "100"]
[EventDate "2005.07.16"]
[EventType "swiss"]
[EventRounds "10"]
[EventCountry "DEN"]
[SourceTitle "CBM 107 Extra"]
[Source "ChessBase"]
[SourceDate "2005.09.01"]
[SourceVersion "1"]
[SourceVersionDate "2005.09.01"]
[SourceQuality "1"]

1. f4 d5 2. Nf3 Nf6 3. e3 g6 4. Be2 Bg7 5. 0-0 0-0 6. d4 c5 7. Ne5 Qc7 8. Nd2 Nbd7 9. c3 Nb6 10. h4 h5 11. g4 hxg4 12. Nxg4 Bf5 13. Rf2 Nxg4 14. Bxg4 Qc8 15. Rg2 Bxg4 16. Qxg4 Qxg4 17. Rxg4 Nd7 18. Rg5 cxd4 19. cxd4 Nf6 20. Nb1 e6 21. Nc3 Rfc8 22. Bd2 Rc6 23. a4 Rac8 24. Rg2 a6 25. a5 Bf8 26. Na4 Rc2 27. Bc3 Rxg2+ 28. Kxg2 Ne4 29. Rh1 Be7 30. h5 g5 31. f5 Rc7 32. fxe6 fxe6 33. h6 Kh7 34. Rf1 Kxh6 35. Rh1+ Kg7 36. Nc5 Bxc5 37. dxc5+ Nxc3 38. bxc3 Rxc5 39. Rb1 Rb5 40. Ra1 Kf6 41. Kf3 Kf5 42. Ke2 Rb2+ 43. Kd3 g4 44. Rf1+ Kg5 45. Kd4 g3 46. Ke5 Rf2 47. Rg1 Rf3 48. Kxe6 Rxe3+ 49. Kxd5 Rxc3 50. Rb1 g2 0-1

[Event "Keres Memorial op"]
[Site "Tallinn"]
[Date "2004.??.??"]
[Round "?"]
[White "Ochtman, Henk"]
[Black "Nouro, Mikael"]
[Result "0-1"]
[WhiteElo "2165"]
[BlackElo "2350"]
[PlyCount "72"]
[EventDate "2004.07.14"]
[EventType "swiss"]
[EventRounds "9"]
[EventCountry "EST"]
[SourceTitle "EXT 2018"]
[Source "ChessBase"]
[SourceDate "2017.10.13"]
[SourceVersion "1"]
[SourceVersionDate "2017.10.13"]
[SourceQuality "1"]

1. e4 d6 2. d4 Nf6 3. Nc3 g6 4. Bc4 Bg7 5. Bg5 0-0 6. Bb3 Nc6 7. Nge2 Na5 8. Qd2 c6 9. 0-0 b5 10. f3 a6 11. Rad1 Bb7 12. Nf4 h6 13. Bxf6 Bxf6 14. Rfe1 Qb6 15. Qf2 e5 16. dxe5 Qxf2+ 17. Kxf2 dxe5 18. Nd3 Rad8 19. Nc5 Bc8 20. Re2 Be7 21. Nd3 Bd6 22. Red2 Bc7 23. Ke2 Rd4 24. Nb1 Rfd8 25. c3 R4d6 26. Ke1 Kg7 27. Nc5 Rxd2 28. Rxd2 Re8 29. Na3 Bb6 30. Nd7 Bg1 31. h3 Re7 32. Nb8 Ba7 33. Rd8 Rc7 34. Nxa6 Bxa6 35. Ra8 Nxb3 36. axb3 b4 0-1

[Event "Sitges op 29th"]
[Site "Sitges"]
[Date "2003.07.22"]
[Round "5"]
[White "Jankovic, Alojzije"]
[Black "Ochtman, Henk"]
[Result "1-0"]
[WhiteElo "2373"]
[BlackElo "2180"]
[PlyCount "65"]
[EventDate "2003.07.18"]
[EventType "swiss"]
[EventRounds "9"]
[EventCountry "ESP"]
[SourceTitle "CBM 095 Extra"]
[Source "ChessBase"]
[SourceDate "2003.09.04"]
[SourceVersion "1"]
[SourceVersionDate "2003.09.04"]
[SourceQuality "1"]

1. d4 Nf6 2. Nf3 g6 3. g3 Bg7 4. c4 0-0 5. Bg2 d5 6. 0-0 c5 7. cxd5 Nxd5 8. e4 Nb4 9. d5 Bg4 10. h3 Bd7 11. Nc3 c4 12. Bg5 f6 13. Be3 N8a6 14. Ne1 Qc8 15. a3 Nd3 16. Nxd3 cxd3 17. Kh2 Qc4 18. Rc1 Rac8 19. b3 Qc7 20. Qxd3 Qa5 21. a4 Nc5 22. Qb1 Qa6 23. Rfd1 f5 24. d6 e6 25. Bf1 b5 26. exf5 Rxf5 27. Nxb5 Qb7 28. Bg2 Qb8 29. Nxa7 Qxa7 30. b4 Rb8 31. a5 Ba4 32. Bxc5 Rxc5 33. d7 1-0

[Event "Rotterdam Triomfator op 1st"]
[Site "Rotterdam"]
[Date "2002.06.15"]
[Round "4"]
[White "Ochtman, Henk"]
[Black "Kouwenhoven, Arjen"]
[Result "1-0"]
[WhiteElo "2036"]
[BlackElo "1922"]
[PlyCount "103"]
[EventDate "2002.06.14"]
[EventType "swiss"]
[EventRounds "6"]
[EventCountry "NED"]
[SourceTitle "CBM 088 Extra"]
[Source "ChessBase"]
[SourceDate "2002.07.01"]
[SourceVersion "2"]
[SourceVersionDate "2002.07.01"]
[SourceQuality "1"]

1. e4 e5 2. f4 d5 3. exd5 exf4 4. Nf3 Nf6 5. Bb5+ c6 6. dxc6 bxc6 7. Bc4 Bd6 8. Qe2+ Qe7 9. Qxe7+ Kxe7 10. Nc3 Be6 11. Bxe6 fxe6 12. Ng5 h6 13. Nge4 Nxe4 14. Nxe4 Na6 15. d3 Nb4 16. Kd1 Raf8 17. b3 c5 18. Ba3 Rc8 19. d4 Rhd8 20. c3 Na6 21. Ke2 Kf7 22. Rhf1 g5 23. g3 Kg6 24. Nxd6 Rxd6 25. gxf4 Rd5 26. Bxc5 Nxc5 27. dxc5 Rdxc5 28. c4 gxf4 29. Rxf4 Kg5 30. Rd4 e5 31. Rg1+ Kf5 32. Rd7 R8c7 33. Rgg7 Rxd7 34. Rxd7 Ra5 35. a4 Ra6 36. Ke3 Rb6 37. Rd3 a5 38. c5 Rc6 39. Rc3 Ke6 40. Ke4 Rc8 41. Rh3 Rxc5 42. Rxh6+ Ke7 43. Ra6 Rc3 44. Rxa5 Rxb3 45. Rxe5+ Kf7 46. a5 Rh3 47. Kd5 Rxh2 48. Kc6 Kf6 49. Rb5 Ke6 50. a6 Rh8 51. Rb1 Rc8+ 52. Kb7 1-0